000 00656nam a2200193 a 4500
001 000042889
005 20201002040457.0
008 140212s1973 sp a 000 0 spa d
020 _a8433903535
040 _aDO-SdBNP
_bspa
_cBNPHU
082 _axxx
_bxxx
245 0 0 _aLa cavidad teatral /
_ctextos y entrevistas de Donald M. Kaplan ... [et al.] ; traducción Joaquín Jordá.
260 _aBarcelona :
_bAnagrama,
_c1973.
300 _a88 p. :
_bil. ;
_c18 cm.
490 1 _aCuadernos anagrama
_ateatro
_v53
700 1 2 _aJordá, Joaquín,
_d1935-2006,
_etr.
_970329
700 1 2 _aKaplan, Donald M.
_970330
830 0 _aCuadernos anagrama
_pteatro
_n53
_970331
999 _c42378
_d42378